Statistics for Linkin Park Songs

Click here to take the quiz!

General Stats

  • This quiz has been taken 157 times
    (74 since last reset)
  • The average score is 43 of 97

Answer Stats

AlbumSong% Correct
Meteora (2003)Numb
97%
Hybrid Theory (2000)In The End
95%
Hybrid Theory (2000)Crawling
84%
Hybrid Theory (2000)Papercut
81%
Hybrid Theory (2000)One Step Closer
79%
Minutes To Midnight (2007)What I've Done
78%
Bonus TracksLost
72%
Meteora (2003)Breaking The Habit
71%
Living Things (2012)Castle Of Glass
71%
Meteora (2003)Faint
71%
Meteora (2003)Figure.09
71%
Living Things (2012)Burn It Down
69%
Minutes To Midnight (2007)Given Up
67%
Meteora (2003)Lying From You
67%
One More Light (2017)One More Light
67%
Meteora (2003)Somewhere I Belong
67%
Minutes To Midnight (2007)Bleed It Out
66%
Meteora (2003)Don't Stay
66%
Hybrid Theory (2000)A Place For My Head
64%
Meteora (2003)Nobody's Listening
64%
Hybrid Theory (2000)With You
60%
Hybrid Theory (2000)Runaway
59%
Hybrid Theory (2000)By Myself
57%
Hybrid Theory (2000)Points Of Authority
57%
A Thousand Suns (2010)The Catalyst
55%
Hybrid Theory (2000)Forgotten
53%
Meteora (2003)Hit The Floor
53%
Hybrid Theory (2000)My December
53%
Hybrid Theory (2000)Cure For The Itch
52%
Meteora (2003)From The Inside
52%
One More Light (2017)Heavy
52%
Hybrid Theory (2000)High Voltage
52%
Living Things (2012)Lost In The Echo
52%
Minutes To Midnight (2007)Shadow Of The Day
52%
Meteora (2003)Easier To Run
50%
Meteora (2003)Foreword
50%
Hybrid Theory (2000)Pushing Me Away
48%
Meteora (2003)Session
48%
A Thousand Suns (2010)Blackout
47%
Minutes To Midnight (2007)Valentine's Day
47%
The Hunting Party (2014)Final Masquerade
45%
Minutes To Midnight (2007)No More Sorrow
45%
Bonus TracksFriendly Fire
43%
One More Light (2017)Good Goodbye
43%
A Thousand Suns (2010)Iridescent
43%
Minutes To Midnight (2007)Leave Out All The Rest
41%
A Thousand Suns (2010)The Messenger
41%
A Thousand Suns (2010)Waiting For The End
41%
A Thousand Suns (2010)Wretches And Kings
41%
One More Light (2017)Battle Symphony
40%
Minutes To Midnight (2007)Hands Held High
40%
Bonus TracksFighting Myself
38%
Minutes To Midnight (2007)In Pieces
38%
Bonus TracksQWERTY
38%
A Thousand Suns (2010)Robot Boy
38%
One More Light (2017)Sharp Edges
38%
Minutes To Midnight (2007)Wake
38%
Living Things (2012)In My Remains
36%
Living Things (2012)Roads Untraveled
36%
A Thousand Suns (2010)The Radiance
36%
A Thousand Suns (2010)Burning In The Skies
34%
Minutes To Midnight (2007)In Between
34%
Living Things (2012)Powerless
34%
The Hunting Party (2014)Rebellion
34%
A Thousand Suns (2010)The Requiem
34%
The Hunting Party (2014)Until It's Gone
34%
Living Things (2012)Victimized
34%
Living Things (2012)I'll Be Gone
33%
Living Things (2012)Lies Greed Misery
33%
One More Light (2017)Talking To Myself
33%
Minutes To Midnight (2007)The Little Things Give You Away
33%
The Hunting Party (2014)War
33%
A Thousand Suns (2010)When They Come For Me
33%
The Hunting Party (2014)A Line In The Sand
31%
The Hunting Party (2014)Keys To The Kingdom
31%
The Hunting Party (2014)Guilty All The Same
29%
A Thousand Suns (2010)Jornada Del Muerto
29%
Living Things (2012)Skin To Bone
29%
A Thousand Suns (2010)Wisdom, Justice and Love
29%
A Thousand Suns (2010)Empty Spaces
28%
A Thousand Suns (2010)Fallout
28%
One More Light (2017)Halfway Right
28%
One More Light (2017)Invisible
28%
One More Light (2017)Nobody Can Save Me
28%
One More Light (2017)Sorry For Now
28%
Living Things (2012)Tinfoil
26%
Living Things (2012)Until It Breaks
26%
The Hunting Party (2014)Drawbar
22%
The Hunting Party (2014)Wastelands
22%
The Hunting Party (2014)All For Nothing
21%
Bonus TracksHealing Foot
21%
The Hunting Party (2014)Mark The Graves
21%
The Hunting Party (2014)The Summoning
19%
Bonus TracksMassive
14%
Bonus TracksMore the Victim
14%
Bonus TracksResolution
9%
Bonus TracksWesside
5%

Score Distribution

Percentile by Number Answered

Percent of People with Each Score

Your Score History

You have not taken this quiz since the last reset